[Event "Tata Steel-A 77th"]
[Site "Wijk aan Zee"]
[Date "2015.01.15"]
[Round "5"]
[White "So, Wesley"]
[Black "Hou, Yifan"]
[Result "1/2-1/2"]
[WhiteElo "2762"]
[BlackElo "2673"]
[Annotator "Ftacnik,L"]
[PlyCount "132"]
[EventDate "2015.01.10"]
[EventType "tourn"]
[EventRounds "13"]
[EventCountry "NED"]
[EventCategory "20"]
[SourceTitle "CBM 165"]
[Source "ChessBase"]
[SourceDate "2015.03.11"]
[SourceVersion "1"]
[SourceVersionDate "2015.03.11"]
[SourceQuality "1"]

1. d4 Nf6 2. c4 e6 3. Nf3 d5 4. Nc3 Bb4 5. Bg5 h6 6. Bxf6 Qxf6 7. e3 O-O 8. Rc1
dxc4 9. Bxc4 c5 10. O-O cxd4 11. Nxd4 Bd7 12. Ne4 Qe7 13. Qh5 {This variation
in the modern 4...Bb4 defence is well known, but the method of gaining
advantage for White remains well hidden. What is known is the latest trend to
try for more than the minumum with an aggressive queen move.} (13. Bd3 $5 Nc6
14. Nb3 Rfd8 (14... Na5 15. Rc7 Nxb3 16. Rxb7 Rab8 17. Rxb8 Rxb8 18. Qxb3 $14)
15. a3 Ba5 16. Nd6 Be8 17. Nxe8 Qxe8 18. Nxa5 Nxa5 19. Qe2 Rac8 20. b4 Nc6 21.
Be4 $11 {1/2 (86) Gupta,A (2638)-Parligras,M (2574) Abu Dhabi 2014}) (13. a3
Ba5 14. Qh5 Bb6 15. Rfd1 (15. Nb5 Bc6 16. Nbc3 Nd7 17. Bb5 Bxe4 18. Nxe4 Rfd8
19. Rfd1 Nf6 20. Qh4 Rxd1+ 21. Rxd1 Rd8 {1/2 (21) Le Roux,J (2551)-Cornette,M 
(2552) Belfort 2012}) 15... Rd8 (15... Nc6 16. Nf3 {1/2 (16) Solak,D (2564)
-Delchev,A (2637) Vrsac 2006}) 16. Nd6 Be8 17. Nxe8 Rxe8 18. Qf3 Rd8 19. Bb5 a6
20. Ba4 a5 21. Nf5 exf5 22. Rxd8+ Qxd8 23. Qxb7 Na6 24. Rd1 Qb8 $17 {1/2 (57)
Grachev,B (2610)-Dizdar,G (2548) Plovdiv 2008}) (13. Qb3 Bc6 14. Nxc6 Nxc6 15.
Bb5 Ne5 16. a3 Ba5 17. Be2 Rfd8 18. Qb5 Rd5 19. Rc5 Rad8 20. Qxa5 b6 21. Rxd5
bxa5 22. Rxe5 $16 {0-1 (39) Ivanov,S (2570)-Greenfeld,A (2530) Beersheba 1998})
13... Nc6 14. Nb3 Be8 $146 {[%mdl 4] The women's world champion plays
extremely well and thus needs to study openings at a high level. Her move is a
novelty and an attempt to slightly improve on the play of Anand from Bilbao.} (
14... f5 15. a3 (15. Nec5 Be8 16. Qf3 Bxc5 17. Nxc5 Bf7 18. Bb5 Rac8 19. Nd3
Rfd8 20. Rfd1 Be8 $11) 15... fxe4 (15... Ne5 16. Be2 (16. axb4 Nxc4 17. Rxc4
Bb5 18. Ned2 Bxc4 19. Nxc4 Qxb4 20. Ncd2 a5 $15) 16... Be8 17. Qh3 Bc6 (17...
fxe4 18. axb4 Bc6 19. Nd4 Bd5 20. Qg3 Qf6 $11) 18. axb4 Bxe4 $11 {1/2 (42)
Ramirez,A (2591)-Cornette,M (2545) Cappelle la Grande 2012}) 16. axb4 Nxb4 17.
Nc5 (17. Qc5 Rfe8 18. Qxe7 Rxe7 19. Nc5 Bc6 20. Nxe6 Kh7 21. Rfd1 Rc8) (17. Qg6
Nd3 18. Bxd3 exd3 19. Qxd3 Rac8 20. Rxc8 Rxc8 $11) 17... Nd3 18. Nxd3 (18. Nxd7
Qxd7 19. Qg4 Rae8 20. Rc2 Nb4 21. Rd1 Qf7 22. Rcd2 Qf5 23. Qxf5 Rxf5 24. Rd4 b5
25. Be2 Nd3 $11) 18... exd3 19. Bxd3 (19. Rcd1 Bc6 20. Rxd3 Rad8 21. Qg6 Rxd3
22. Bxd3 Rd8 23. Qh7+ Kf8 $11) 19... Bc6 20. Rc4 Rf6 (20... Qf6 $5 21. Rf4 Qxb2
22. Rd4 (22. Rg4 Rad8 23. Qxh6 Rxd3 24. Qxe6+ Rf7 25. Qc8+ Rf8 $11) 22... Rad8
23. Qg6 Rxd4 24. Qxe6+ Kh8 25. exd4 Qxd4 26. Qg6 Kg8 $11) 21. Be4 (21. Rd1 $5
Rd8 22. Bc2 Rxd1+ 23. Qxd1 $11) 21... Bxe4 22. Rxe4 Rd8 23. Qe2 Rf5 24. h3 Rfd5
25. Qg4 R8d6 26. Rc1 {1-0 (46) Aronian,L (2804)-Anand,V (2785) Bilbao 2014}) (
14... Rfd8 $5 15. a3 Bd6 16. Nxd6 Qxd6 17. Rfd1 Qe5 18. Qe2 Ne7 $11) 15. a3 f5
16. Qe2 (16. Qh3 Na5 17. Nd4 Nxc4 18. Rxc4 Ba5 19. Nc5 Rc8 20. Rfc1 Bb6 21. b4
$11) 16... Bxa3 {It seems logical to presume, that the bishop move was
discovered in the preparation of the whole line. Fortunately for White the
position will remain playable for him, but objectively close to equality even
after an immediate 16...fxe4.} (16... fxe4 17. axb4 Nxb4 18. Nc5 Bf7 19. Nxe4
Rfd8 $11) 17. bxa3 fxe4 18. Nc5 (18. Qg4 Rf6 19. Nc5 Kh8 (19... Bf7 20. Bb5 Rc8
21. Qxe4 Bg6 22. Qa4 Be8 23. Rfd1 $14) 20. Bb3 Rd8 $11) 18... Ne5 $5 {In my
humble opinion only this move represents the key idea of the whole line
introduced by the novelty 14...Be8. Hou is prepearing the move of the knight
to f3 with serious counterplay against the white kingside.} 19. Ba2 (19. Bxe6+
Kh8 20. Bd5 Nf3+ $1 21. gxf3 Qg5+ 22. Kh1 Qxd5 23. fxe4 (23. Nxe4 $2 Bh5 24.
Rc5 Bxf3+ 25. Qxf3 Qxc5 $19) 23... Bh5 24. exd5 Bxe2 25. Ne6 Rf6 26. f4 Bxf1
27. Rxf1 Re8 $11) 19... Nf3+ 20. Kh1 (20. gxf3 $2 Qg5+ 21. Kh1 exf3 $19) 20...
Qh4 {Interesting and good play usually means, that some of the attractive
options remain behind the curtains. Black could consider a more conservative
approach with 20...Ng5!?} (20... Ng5 $5 21. Qc4 Bc6 22. Nxe6 Nxe6 23. Qxe6+
Qxe6 24. Bxe6+ Kh7 $11) 21. gxf3 (21. h3 Kh8 22. Qb2 (22. Nxe6 Bd7 23. Qb2 Bxe6
24. Bxe6 Qe7 $11) 22... Ng5 23. Nxe6 Nxe6 24. Bxe6 Bc6 $11) 21... Bh5 22. Bxe6+
Kh8 23. Bg4 $1 {So is a man of the moment! Not only has he decided to live in
the USA, but also to become one of the best players in the world. His feeling
for positions is simply outstanding, even though in this game he had to live
with some danger.} exf3 24. Qb2 Bxg4 25. Rg1 Rf7 26. Qd4 {Both players have
displayed an enviable level of masterful play. Even the computer finds only
two moments, when the chosen moves could have been marginally improved upon. A
safer way to full equality seems to be promised by the move 26.Rc4!?} (26. Rc4
$5 h5 27. Rb4 Rc8 28. Nd3 (28. Rxb7 $2 Rxb7 29. Nxb7 Qe7 $17) 28... Qf6 29.
Qxf6 gxf6 30. Nf4 Rc5 $11) 26... h5 27. Nd3 Rd8 (27... Rd7 28. Qe4 Rxd3 29.
Qxd3 Qxf2 30. Rc7 Qb2 31. Rf7 Qe5 32. Qd4 Qxd4 33. exd4 Kg8 34. Rf4 $11) 28.
Qe4 Qe7 {Once again the engine grumbles a bit about the immediate queen
exchange and suggests improving the black king first.} (28... Kg8 $5 29. Rg3
Qe7 30. Qxe7 Rxe7 31. Nf4 Rd2 32. h3 Bf5 33. Kg1 h4 34. Rg5 Be4 $15) 29. Qxe7
Rxe7 30. Nf4 Kh7 31. Rc5 (31. h3 Bf5 32. Nxh5 Rd2 33. Rc5 Bg6 34. Rcg5 Bxh5 35.
Rxh5+ Kg8 36. Rf1 Ra2 37. Rb5 Rxa3 38. Rfb1 b6 39. Kh2 $15) 31... g6 32. h3 Bf5
33. Nxh5 $1 {The new "American"star has a very sharp eye and the tactical
shots represent the minimal level of his skills.} Bxh3 34. Kh2 Bf5 (34... Bc8
35. Nf4 Bf5 36. Kg3 Rd2 $11) 35. Nf6+ Kh6 36. e4 Rf8 (36... Rf7 37. Ng4+ Bxg4
38. Rxg4 Rd1 $11) 37. e5 b6 38. Rd5 Kg7 39. Kg3 Be6 (39... Rh8 40. Kxf3 Rc7 41.
Rd6 $11) 40. Rh1 $1 Bg8 {The firs lady of chess even has to be careful, since
White has managed to create a superhero on f6.} 41. Kf4 Rc8 42. Rd4 (42. Nxg8
Kxg8 43. Kxf3 Rf7+ 44. Ke3 Rc3+ 45. Ke4 Rc4+ 46. Rd4 Rxd4+ 47. Kxd4 Rxf2 48. e6
$11) 42... b5 43. Re1 a5 {Black is not prepared just to watch how White is
skillfully improving his position. The counterplay with the queenside pawn
majority will certainly tie down some forces of her dangerous opponent.} (43...
Bf7 44. Kxf3 Rc5 45. Rde4 g5 46. Kg4 Kg6 $11) 44. Kxf3 Rc3+ 45. Kf4 (45. Ke4
Bb3 $11) 45... Rxa3 46. Nxg8 Kxg8 47. e6 Ra4 {Computers can be confident and
suggest the equalising line that seems pretty dangerous when people are
playing over the board. Hou is exchanging rooks and making sure that the
danger of losing will be very small.} (47... Kf8 48. Ke5 Rf3 49. Rh1 Rf5+ 50.
Kd6 Ra7 51. Rh8+ Kg7 52. Rdh4 Ra6+ 53. Ke7 Ra7+ $11) 48. Rxa4 bxa4 49. Ke5 Kg7
50. Kd6 Kf8 51. Rc1 {White might have been a bit tired after all the commotion,
he might have missed the more unpleasant line for Black after 51.Rh1!} (51. Rh1
$1 Ra7 52. Rh8+ Kg7 53. Rd8 Ra6+ 54. Ke5 a3 55. Rd7+ Kg8 56. Kf6 a2 57. Rd8+
Kh7 58. Rd1 Kg8 59. Ra1 a4 60. Rxa2 a3 61. f4 Kf8 62. Rc2 Kg8 $11) 51... Re8
52. Ke5 a3 53. Kf6 a2 $1 (53... Rb8 54. Rc5 $1 Ra8 55. Rc2 $14) 54. Ra1 Rb8 55.
f4 (55. Rxa2 Rb5 56. Kxg6 Ke7 57. Re2 a4 58. f4 Rb8 $11) 55... Rb4 (55... Rb2
$1 56. Rh1 Kg8 57. Ra1 Kf8 $11) 56. f5 gxf5 (56... Rb2 57. Rh1 Rh2 58. Rd1 Rd2
$11) 57. Rxa2 Rh4 $1 {Not a bad example of truly fighting chess. Tje world
champion finds the best defence and the game will finally come to a fully
justified draw.} 58. Rd2 (58. Rxa5 Rh6+ 59. Ke5 Rh1 $11) 58... Rh6+ 59. Ke5 Rh1
60. Kd6 Ke8 61. Rg2 Rd1+ 62. Ke5 Rh1 63. Rg6 Ke7 64. Rg7+ Ke8 65. Kf6 Rh6+ 66.
Ke5 Rh1 1/2-1/2

[Event "Tata Steel-A 77th"]
[Site "Wijk aan Zee"]
[Date "2015.01.24"]
[Round "12"]
[White "Giri, Anish"]
[Black "So, Wesley"]
[Result "1-0"]
[WhiteElo "2784"]
[BlackElo "2762"]
[Annotator "Sumets,A"]
[PlyCount "221"]
[EventDate "2015.01.10"]
[EventType "tourn"]
[EventRounds "13"]
[EventCountry "NED"]
[EventCategory "20"]
[SourceTitle "CBM 165"]
[Source "ChessBase"]
[SourceDate "2015.03.11"]
[SourceVersion "1"]
[SourceVersionDate "2015.03.11"]
[SourceQuality "1"]

1. c4 e6 2. g3 d5 3. Bg2 Nf6 4. Nf3 d4 {An ambitious way, 4...Be7 is safer.} 5.
O-O ({A complicated position follows} 5. b4 Bxb4 6. Qa4+ Nc6 7. Ne5 Rb8 $1 8.
Nxc6 bxc6 9. Qxa7 Rb6 10. Qa4 O-O 11. O-O e5 12. d3 Bg4 13. Qc2 Qe7 $15 {
1/2-1/2 (32) Karjakin,S (2771)-Anand,V (2785) Dubai UAE 2014; doubled pawns in
the c-file help Black to control the centre. White's a-pawn is not very
dangerous. Black will block it by ...Ra6.}) 5... c5 6. e3 Nc6 7. exd4 cxd4 8.
d3 (8. Re1 Bd6 9. d3 h6 10. Nbd2 O-O 11. Rb1 a5 12. a3 Re8 13. Qc2 Nd7 14. Ne4
Bf8 15. c5 a4 16. Bd2 (16. Nd6 Bxd6 17. cxd6 Ra6 $13) 16... Qc7 17. Qc4 $6 b5
$1 18. cxb6 (18. Qxb5 $2 Ba6 19. Qxa4 Bxd3 $17) 18... Nxb6 19. Qc1 Nd5 $15 {
Wojtaszek,R (2724)-Oleksienko,M (2618) Lublin POL 2014 1/2-1/2 (47)}) 8... Bd6
(8... h6 9. Bf4 Bd6 10. Bxd6 Qxd6 11. a3 a5 12. Nbd2 O-O 13. Qc2 a4 14. c5 Qc7
15. Rfe1 e5 $5 (15... Ra5 16. b4 axb3 17. Nxb3 Ra4 $13) 16. Nc4 Nd7 17. Rad1
Ra6 18. Re2 e4 19. Rxe4 Nxc5 20. Rh4 Rd8 $11 {Fressinet,L (2709)-Parligras,M 
(2572) Yerevan ARM 2014 1-0 (69)}) 9. Na3 e5 10. c5 (10. Re1 O-O 11. Nb5 (11.
c5 Bxc5 12. Nxe5 Nxe5 13. Rxe5 Bxa3 $6 (13... Bg4 $5 14. Qb3 b6 $1 15. Nc4 (15.
Bxa8 $4 Qxa8 $19) 15... h6 16. Bd2 Rc8 17. Rc1 Qc7 $11) 14. bxa3 Be6 15. Bb2
Qb6 16. Qd2 Rac8 17. a4 Rc7 18. Rb5 Qd6 19. Qb4 $14 {Lorparizangeneh,S (2340)
-Antal,T (2292) Gyor HUN 2014 1/2-1/2 (61)}) 11... Bb8 $1 (11... Bb4 12. Bd2
Bxd2 13. Qxd2 a6 14. Na3 Qd6 (14... Re8 15. c5 $14 {with the Nc4, Nd6 following
}) 15. c5 Qxc5 16. Rac1 Qe7 17. Nc4 Nd7 18. Nfxe5 Ndxe5 19. Nxe5 Nxe5 20. f4
$14 {Black's position is unpleasant.}) 12. Rb1 a6 13. Na3 Bf5 14. h3 (14. b4 e4
15. Nh4 Bg4) 14... Nd7 15. b4 a5 16. Nh4 Qf6 $6 (16... Be6 17. b5 Nb4 18. Bxb7
Ra7 19. Bg2 Nc5 20. Bf1 Nxa2 $15) 17. Nxf5 Qxf5 18. b5 $14 {Javakhishvili,L 
(2486)-Kuchava,A (2122) Tbilisi GEO 2015 1-0 (57)}) 10... Bxc5 ({Black should
take the pawn, if he plays} 10... Bc7 $6 {he will get a worse position after}
11. Bg5 O-O 12. Nd2 h6 13. Bxf6 Qxf6 14. Nb5 Qe7 15. Nc4 $16 {and White's
position is much better.}) 11. Nc4 Nd7 12. Re1 $5 {An ambitious decision, as
an alternative we can examine} (12. Nfxe5 Ndxe5 13. Re1 f6 14. Bxc6+ $5 bxc6
15. Nxe5 O-O (15... fxe5 16. Rxe5+ Be7 17. Bg5 $18) 16. Qb3+ Qd5 17. Nxc6 Qxb3
18. axb3 Bd7 $44) 12... O-O $6 {For better or worse Wesley should have tried
to keep the extra pawn.} (12... f6 13. Nh4 O-O $2 (13... g6 $8 14. a3 Nb6 $1 (
14... O-O $6 15. b4 Be7 16. Bh6 Re8 17. b5 $1 (17. Qb3 Kh8 18. Rac1 $44) 17...
Ncb8 18. Bd5+ Kh8 19. Bf7 Nc5 20. f4 $1 Bf8 $6 21. Bxf8 Rxf8 22. Bxg6 hxg6 23.
Nxg6+ Kg7 24. Nxf8 Qxf8 25. fxe5 $16) 15. b4 Be7 16. b5 Nb8 17. f4 Nxc4 18.
dxc4 Nd7 19. Nf3 $44) 14. Bd5+ Kh8 15. Ng6+ $1 hxg6 16. Qg4 $18) 13. Nfxe5
Ncxe5 14. Nxe5 Nxe5 15. Rxe5 $14 {It is obvious that Anish could be happy with
the result of the opening.} Qb6 (15... Bd6 16. Rd5 Qb6 ({maybe he should prefer
} 16... Be6 $5 17. Rxd4 Qb6 18. Rh4 h6 19. Be3) 17. Qa4 $16 {White will get an
extra pawn.}) 16. a4 $1 {A very strong move. Black should prevent a4-a5, but
after 16...a5 the b5-square is weak and White will play Rb5 after ...Bd6.} a5 (
16... Bd7 {Black's position is unpleasant after} 17. a5 Qc7 18. Bf4 Bd6 19. Re4
$16 {White will gain a pawn.}) 17. Qc2 Bb4 18. Rb5 $16 {In order to develop
the queenside Black needs to give up the b7-pawn.} Qe6 19. Bf4 Bd7 20. Bd5 $1 {
The strongest move, after} (20. Rxb7 Rac8 21. Rc7 Bd6 22. Bxd6 Qxd6 23. Rxc8
Rxc8 24. Qd2 Qc5 {Black has good chances to escape.}) 20... Qf6 (20... Qf5 21.
Be4 $1 Qe6 22. Rxb7 Rac8 23. Qd1 Rfe8 24. Qh5 g6 25. Qd5 $16) 21. Rxb7 {
A simple and good continuation.} ({Anish could have tried} 21. Be5 $5 Qf5 22.
Be4 Qe6 23. Rxb7 Rac8 24. Qd1 $16) 21... Rac8 22. Qd1 Be6 $6 ({It is worth
considering playing} 22... Bc6 23. Bxc6 Qxc6 24. Rb5 Qc2 25. Qxc2 Rxc2 26. Rc1
Rxb2 27. Bd6 Re8 28. Bxb4 axb4 29. Rc4 $14 {Despite the fact that he is pawn
down, Black has good chances to draw.}) 23. Rb6 $16 ({It was even stronger to
play} 23. Bxe6 Qxe6 24. Bd2 Bxd2 (24... Rb8 $6 25. Bxb4 Rxb7 26. Bxf8 Kxf8 27.
Qh5 $18) 25. Qxd2 Rc5 26. Rb5 $18 {with excellent chances to win the game.})
23... Rfe8 24. Bxe6 (24. Bb7 $5 Qd8 25. Rb5 Rc5 26. Rxc5 Bxc5 27. Bc6 $16)
24... Rxe6 25. Rc1 Rce8 (25... Rxc1 $2 26. Rb8+ $1 $18) 26. Rxe6 Qxe6 27. Bd2
$1 {In comparison with the line 23.Bxe6 Qxe6 24.Bd2 White's achievements
aren't so significant, but he still has a big advantage.} Bxd2 (27... Rb8 28.
Bxb4 Rxb4 29. Qh5 h6 30. Qxa5 Rxb2 31. Qd8+ Kh7 32. Qxd4 $18) 28. Qxd2 Qf5 {
Wesley tries to create counterplay.} 29. Rc4 {This isn't the best solution.} (
29. Re1 $1 Rd8 (29... Rxe1+ 30. Qxe1 Kf8 31. Qe4 $18) 30. Re4 {and there is no
counterplay.}) 29... Qd5 30. b4 $6 (30. Qc1 $1 $16) 30... axb4 $6 (30... h5 $1
31. h4 (31. b5 $2 h4 32. Rc1 h3 33. f4 Qf3 34. Rf1 Qd5 {and White can't
improve his position.}) 31... Qf3 32. Rxd4 Re2 33. Rf4 $8 Qxg3+ 34. fxg3 Rxd2 {
with good chances to make a draw.}) 31. Qxb4 h5 32. Rxd4 Qf3 33. Re4 $18 Rd8
34. Re3 Qd1+ 35. Kg2 Rxd3 36. Rxd3 Qxd3 {Black can create some threats, but
his position is lost.} 37. h4 g5 38. Qb8+ {Good decision.} (38. hxg5 {seems to
be the reliable way} Qd5+ 39. Kh2 Qxg5 40. a5 h4 41. gxh4 Qe5+ 42. Kg2 Qg7+ 43.
Kh3 $18) 38... Kg7 39. Qe5+ f6 40. Qe3 Qc4 41. hxg5 Qd5+ 42. Qf3 Qxg5 43. Qb7+
Kh6 44. Qa8 $1 Kg7 45. Qa7+ (45. a5 $1 h4 46. a6 hxg3 47. Qa7+ Kf8 48. Qe3 Qd5+
49. Qf3 $18) 45... Kg6 46. Qa8 Qf5 $1 (46... Kg7 47. a5 $1) 47. Qf3 Qe5 48. Kh2
{A waiting move.} Kf7 (48... h4 $2 49. Qg4+ Kf7 50. Qxh4) 49. Qb3+ Kg7 50. Qb4
Qc7 $1 {The best square for the queen.} 51. Qe4 Qc5 52. Kg2 Qg5 53. Qe7+ Kg6
54. Qe8+ Kg7 55. Qd7+ Kh6 56. Qd6 Kg6 57. Qd3+ Kg7 {Giri can't find how to
push the a-pawn.} 58. Qe4 Qc5 59. Qb7+ Kg6 60. Qb1+ Kg7 61. Qe4 Qg5 62. Qe7+ $1
{The queen is going to b5.} Kg6 63. Qe8+ Kg7 64. Qb5 Qg4 65. Qb7+ Kg6 66. Qb1+
Kg7 67. a5 h4 68. Qd3 $1 Qc8 (68... hxg3 $4 69. Qxg3) 69. a6 Qc6+ 70. Kh2 Qb6
71. Kg2 $2 {Expecting 71...Qc6+ 72.Kg2 Qb6.} (71. Kg1 hxg3 72. Qxg3+ Kf7 73.
Qd3 Kg7 74. Qd7+ Kg6 75. a7 $18) 71... h3+ $1 72. Kxh3 Qxf2 $16 {Now Wesley
has chances to save the game. White's king is misplaced on h3.} 73. Qc4 Kg6 74.
Qf4 Qg1 75. Qe4+ f5 76. Qg2 Qa1 $2 (76... Qe3 {and it is not easy to indicate
a good plan for White.} 77. Qa2 Qg1 78. a7 Qh1+ 79. Qh2 Qd1 $1 80. a8=Q Qh5+
81. Kg2 Qe2+ 82. Kg1 Qe1+ $11) 77. Qc6+ Kg5 78. Kg2 Qa2+ 79. Kf3 Qa3+ 80. Ke2
Qa2+ 81. Kd3 Qb3+ 82. Qc3 Qd5+ 83. Qd4 Qb5+ 84. Qc4 Qb1+ 85. Kd2 Qb2+ 86. Ke3
Qa3+ (86... Qb6+ $5 87. Kd3 Qb1+ 88. Ke2 Qb2+ 89. Kf3 Qb1 $16) 87. Kf2 Qa5 88.
Qf4+ Kg6 89. Qd6+ Kh5 90. Ke3 (90. Qe6 $1 Kg5 91. Qe3+ Kg6 92. a7 $18) 90...
Qa4 ({The last chance was} 90... Kg4 $1 91. Kd4 Kh3 92. Kc4 Kg4 $16) 91. Kd2
Qb3 92. Qd3 Qa2+ 93. Ke3 $18 Kg5 94. Kf3 Qa1 95. Qd8+ Kh5 96. Qe8+ Kg5 97. Qe7+
Kg6 98. Qe6+ Kg5 99. Qe3+ Kf6 100. a7 Qf1+ 101. Qf2 Qh1+ 102. Ke2 Qe4+ 103. Qe3
Qc4+ 104. Ke1 Qb4+ 105. Kf1 Qb1+ 106. Kg2 Qb7+ 107. Kh2 Kf7 108. Qa3 Qa8 109.
Qb3+ Kg7 110. Qb8 Qf3 111. a8=Q 1-0

[Event "FRA-chT Top 12"]
[Site "Montpellier"]
[Date "2015.05.30"]
[Round "1.1"]
[White "So, Wesley"]
[Black "Duda, Jan Krzysztof"]
[Result "1/2-1/2"]
[WhiteElo "2778"]
[BlackElo "2610"]
[PlyCount "78"]
[EventDate "2015.05.30"]
[EventType "team-tourn"]
[EventRounds "11"]
[EventCountry "FRA"]
[SourceTitle "CBM 166 Extra"]
[Source "ChessBase"]
[SourceDate "2015.06.18"]
[SourceVersion "1"]
[SourceVersionDate "2015.06.18"]
[SourceQuality "1"]
[WhiteTeam "Clichy-Echecs 92"]
[BlackTeam "Bois Colombes"]
[WhiteTeamCountry "FRA"]
[BlackTeamCountry "FRA"]

1. e4 e5 2. Nf3 Nc6 3. Bb5 a6 4. Ba4 Nf6 5. O-O Be7 6. Re1 b5 7. Bb3 O-O 8. c3
d6 9. h3 Nb8 10. d4 Nbd7 11. Nbd2 Bb7 12. Bc2 Re8 13. a4 Bf8 14. Bd3 c6 15. Qc2
Qc7 16. b3 g6 17. Bb2 Nh5 (17... Rac8 18. Rad1 Nh5 19. Qb1 bxa4 20. bxa4 exd4
21. cxd4 d5 22. Rc1 Nf4 23. Bf1 Qb8 24. g3 Ne6 25. h4 Bg7 26. Bh3 c5 27. dxc5
Bxb2 28. Qxb2 Ndxc5 29. Ne5 Red8 30. Bxe6 Nxe6 31. Rxc8 Qxc8 32. Rc1 Qa8 33.
exd5 Bxd5 34. Ng4 Bh1 35. Nf6+ Kf8 36. Nxh7+ Kg8 37. Nf6+ Kf8 38. f3 Bxf3 39.
Qa3+ Kg7 40. Nxf3 Kxf6 41. Qb2+ Ke7 42. Ne5 Nd4 43. Rf1 f5 44. Re1 Qd5 45. Qb6
Rd6 46. Qc7+ Kf8 47. Nxg6+ {Naiditsch,A (2705)-Ponomariov,R (2723) Dortmund
2014 1-0}) 18. Bf1 Rac8 (18... Nf4 19. g3 Ne6 20. h4) 19. g3 Ng7 20. Rad1 Ne6
21. h4 Bg7 22. axb5 (22. h5) 22... axb5 23. b4 d5 24. h5 exd4 25. cxd4 Nb6 26.
hxg6 hxg6 27. e5 Qe7 28. Bc3 Ra8 29. Nb3 Bc8 30. Ra1 Bd7 31. Bd3 Ng5 32. Nxg5
Qxg5 33. Nc5 Bg4 34. Rxa8 Rxa8 35. e6 Bf6 36. Be2 Bf5 37. Bd3 Bg4 38. Be2 Bf5
39. Bd3 Bg4 1/2-1/2

[Event "FRA-chT Top 12"]
[Site "Montpellier"]
[Date "2015.06.02"]
[Round "4.2"]
[White "So, Wesley"]
[Black "Iordachescu, Viorel"]
[Result "1/2-1/2"]
[WhiteElo "2778"]
[BlackElo "2588"]
[PlyCount "85"]
[EventDate "2015.05.30"]
[EventType "team-tourn"]
[EventRounds "11"]
[EventCountry "FRA"]
[SourceTitle "CBM 166 Extra"]
[Source "ChessBase"]
[SourceDate "2015.06.18"]
[SourceVersion "1"]
[SourceVersionDate "2015.06.18"]
[SourceQuality "1"]
[WhiteTeam "Clichy-Echecs 92"]
[BlackTeam "Metz Fischer"]
[WhiteTeamCountry "FRA"]
[BlackTeamCountry "FRA"]

1. e4 e5 2. Nf3 Nf6 3. Nxe5 d6 4. Nf3 Nxe4 5. Nc3 Nxc3 6. dxc3 Be7 7. Be3 O-O
8. Qd2 Nd7 (8... b6 9. O-O-O Bb7 10. h4 Nd7 11. Nd4 Ne5 12. Bg5 Qd7 13. Bb5 c6
14. Be2 f6 15. Bf4 c5 16. Nf3 Qe6 17. b3 Rad8 18. Rhe1 d5 19. Bg3 Bd6 20. Nh2
Qd7 21. f4 Nf7 22. Bf3 d4 23. cxd4 cxd4 24. Kb1 Bxf3 25. Nxf3 Qg4 26. Bh2 d3
27. cxd3 a5 28. Re2 Bb4 29. Qe3 Nd6 30. Qxb6 Rb8 31. Qc6 Nb5 32. Rc1 Rfc8 33.
Qe6+ Qxe6 34. Rxe6 Nc3+ 35. Ka1 Nb5 36. Kb1 Nc3+ 37. Ka1 Nb5 {1/2-1/2 (37)
Kryvoruchko,Y (2710)-Landa,K (2647) Germany 2015}) 9. O-O-O c6 10. Bd3 Ne5 11.
Nxe5 dxe5 12. Qe2 Qa5 13. Kb1 Be6 14. c4 Rae8 $146 (14... Rad8 15. Bd2 Qc7 16.
Bc3 Bd6 17. g4 b5 18. h4 b4 19. Bd2 Bc5 20. Rde1 Bd4 21. h5 a5 22. f4 f5 23.
fxe5 fxg4 24. Rhf1 Rxf1 25. Rxf1 Kh8 26. Qe4 Bg8 27. Bg5 g3 28. h6 g2 29. Qxg2
Bxe5 30. Bxd8 Qxd8 31. Qe4 Bf6 32. hxg7+ Bxg7 33. Rh1 h6 34. Rxh6+ Bxh6 35.
Qe5+ {1-0 (35) Karjakin,S (2786)-Frolyanov,D (2563) Moscow 2013}) 15. Rhe1 Bb4
16. c3 Be7 17. Bc1 Rd8 18. Bc2 Rxd1 19. Rxd1 Rd8 20. Re1 Bf6 21. a4 Qc7 22. h4
Qd7 23. Rd1 Qc8 24. Rxd8+ Qxd8 25. h5 Qd7 26. f3 Qd6 27. g4 g6 28. Be3 a6 29.
a5 Qd8 30. Bb6 Qd6 31. Be3 Qd8 32. Bb6 Qd6 33. hxg6 {Après une répétition
de coups pour gagner du temps à la pendule, le TOP GMI va tenter de joeur
pour le gain.} hxg6 34. Be3 Qd8 35. Bb6 Qd6 36. Bd3 Bg5 $11 37. Kc2 Kg7 38. b4
Bf4 39. Bc5 Qd8 40. Bb6 Qd6 41. Bc5 Qd8 42. Bb6 Qd6 43. Bc5 1/2-1/2